The Law of Kenya : (Record no. 10670)
[ view plain ]
| 000 -LEADER | |
|---|---|
| fixed length control field | 00694cam a22002172 4500 |
| 001 - CONTROL NUMBER | |
| control field | 0000003460 |
| 005 - DATE AND TIME OF LATEST TRANSACTION | |
| control field | 20151217154339.0 |
| 008 - FIXED-LENGTH DATA ELEMENTS--GENERAL INFORMATION | |
| fixed length control field | 070507s xx 000 0 eng d |
| 020 ## - INTERNATIONAL STANDARD BOOK NUMBER | |
| International Standard Book Number | 9966442057 : |
| Terms of availability | KES 288 |
| 040 ## - CATALOGING SOURCE | |
| Original cataloging agency | KABU |
| Transcribing agency | KABU |
| 050 #0 - LIBRARY OF CONGRESS CALL NUMBER | |
| Classification number | KSK9 |
| Item number | .J33 1986 |
| 100 1# - MAIN ENTRY--PERSONAL NAME | |
| Personal name | Jackson, Tudor. |
| -- | 0000153409 |
| 245 14 - TITLE STATEMENT | |
| Title | The Law of Kenya : |
| Remainder of title | an introduction : cases and statutes / |
| Statement of responsibility, etc. | Tudor Jackson. |
| 260 ## - PUBLICATION, DISTRIBUTION, ETC. (IMPRINT) | |
| Place of publication, distribution, etc. | Nairobi : |
| Name of publisher, distributor, etc. | Kenya Literature Bureau, |
| Date of publication, distribution, etc. | 1986. |
| 300 ## - PHYSICAL DESCRIPTION | |
| Extent | xiii, 54 p. ; |
| Dimensions | 21 cm. |
| 650 #0 - SUBJECT ADDED ENTRY--TOPICAL TERM | |
| Topical term or geographic name as entry element | Law |
| Geographic subdivision | Kenya. |
| -- | 0000153410 |
| 908 ## - PUT COMMAND PARAMETER (RLIN) | |
| Put command parameter | 070507 |
| 950 ## - LOCAL HOLDINGS (RLIN) | |
| -- | 1 |
| Withdrawn status | Lost status | Source of classification or shelving scheme | Not for loan | Home library | Current library | Date acquired | Total Checkouts | Full call number | Barcode | Date last seen | Date last checked out | Price effective from | Koha item type |
|---|---|---|---|---|---|---|---|---|---|---|---|---|---|
| Library of Congress Classification | Kabarak, Main Campus | Kabarak, Main Campus | 17/12/2015 | 2 | KSK9 .J33 1986 | 007595 | 18/08/2016 | 06/08/2016 | 17/12/2015 | General Collection | |||
| Library of Congress Classification | Kabarak, Main Campus | Kabarak, Main Campus | 17/12/2015 | 2 | KSK9 .J33 1986 | 007596 | 31/10/2018 | 13/10/2018 | 17/12/2015 | General Collection | |||
| Library of Congress Classification | Kabarak, Main Campus | Kabarak, Main Campus | 17/12/2015 | 3 | KSK9 .J33 1986 | 010260 | 24/04/2017 | 23/03/2017 | 17/12/2015 | Africana Collection |